[Event "104th ch-GBR 2017"]
[Site "Llandudno WLS"]
[Date "2017.08.01"]
[Round "4.10"]
[White "Shaw, Peter"]
[Black "Zhou, Yang-Fan"]
[Result "0-1"]
[BlackTitle "IM"]
[WhiteElo "2103"]
[BlackElo "2468"]
[WhiteFideId "411361"]
[BlackFideId "468584"]
[EventDate "2017.07.29"]

1. d4 Nf6 2. c4 g6 3. Nc3 Bg7 4. e4 O-O 5. Nf3 d6 6. Be2 e5 7. Be3 c6 8. d5 Ng4
9. Bg5 f6 10. Bh4 h5 11. Nd2 Nh6 12. f3 c5 13. a3 Na6 14. O-O Nf7 15. Nb3 Bh6
16. Bf2 f5 17. Rb1 Kh8 18. Nc1 f4 19. b4 b6 20. Nd3 g5 21. h3 Rg8 22. a4 Nc7 23.
a5 Ne8 24. Na4 g4 25. hxg4 hxg4 26. fxg4 Nf6 27. axb6 axb6 28. bxc5 bxc5 29. Nb6
Ra3 30. Nxc8 Qxc8 31. Bf3 Nxg4 32. Qe2 Nf6 33. Rb6 Bg5 34. Rfb1 Kg7 35. Be1 Rh8
36. R6b3 Rxb3 37. Rxb3 Qa6 38. Nf2 Bh4 39. Rb1 Ng5 40. Ng4 Bxe1 41. Rxe1 Nh5 42.
Qc2 Ng3 43. Kf2 Rb8 44. Kg1 Qa3 45. Rb1 Nxf3+ 46. gxf3 Qxf3 47. Nf2 Rh8 48. Rb7+
Kf6 0-1

[Event "104th ch-GBR 2017"]
[Site "Llandudno WLS"]
[Date "2017.08.01"]
[Round "4.11"]
[White "Wells, Peter K"]
[Black "Storey, Charles H"]
[Result "1-0"]
[WhiteTitle "GM"]
[BlackTitle "FM"]
[WhiteElo "2434"]
[BlackElo "2214"]
[WhiteFideId "400327"]
[BlackFideId "406686"]
[EventDate "2017.07.29"]

1. e4 c6 2. d4 d5 3. Nc3 dxe4 4. Nxe4 Bf5 5. Ng3 Bg6 6. N1e2 e6 7. Nf4 c5 8. d5
exd5 9. Nxd5 Bd6 10. Bb5+ Kf8 11. O-O a6 12. Be2 Nc6 13. Be3 h5 14. Nb6 Bxc2 15.
Qd2 Rb8 16. Nc4 Bxg3 17. Bxc5+ Nge7 18. Qxc2 Bf4 19. Rad1 Qc7 20. g3 Kg8 21. Bb6
Qc8 22. gxf4 Rh6 23. Kh1 Nf5 24. Ne3 Nd6 25. f5 Ra8 26. Rg1 Qe8 27. Nd5 Rc8 28.
Qd2 Nxf5 29. Qxh6 Qxe2 30. Nf6+ Kf8 31. Bc5+ Nd6 32. Bxd6+ 1-0

[Event "104th ch-GBR 2017"]
[Site "Llandudno WLS"]
[Date "2017.08.01"]
[Round "4.12"]
[White "Willmoth, Robert F"]
[Black "Merry, Alan B"]
[Result "0-1"]
[WhiteTitle "CM"]
[BlackTitle "IM"]
[WhiteElo "2211"]
[BlackElo "2427"]
[WhiteFideId "402540"]
[BlackFideId "418811"]
[EventDate "2017.07.29"]

1. d4 Nf6 2. g3 c5 3. dxc5 g6 4. Nc3 Qa5 5. e4 Nxe4 6. Qd4 Nf6 7. Bd2 Bg7 8. Nb5
Qd8 9. Bf4 O-O 10. Qd2 Na6 11. Bg2 Nxc5 12. Bc7 Qe8 13. Ba5 Nfe4 14. Qe2 d5 15.
O-O-O b6 16. Bb4 Ba6 17. c4 dxc4 18. Bxc5 Nxc5 19. Nc7 Qa4 20. Nxa6 Qxa6 21.
Bxa8 Qxa2 22. Kd2 Qxb2+ 23. Ke1 Qxe2+ 24. Kxe2 Rxa8 25. Nf3 b5 26. Rb1 Ne4 27.
Ke3 Nc3 28. Rbe1 Rd8 29. g4 e5 0-1

[Event "104th ch-GBR 2017"]
[Site "Llandudno WLS"]
[Date "2017.08.01"]
[Round "4.13"]
[White "Arkell, Keith C"]
[Black "Horton, Jamie A"]
[Result "1-0"]
[WhiteTitle "GM"]
[WhiteElo "2424"]
[BlackElo "2178"]
[WhiteFideId "400270"]
[BlackFideId "421472"]
[EventDate "2017.07.29"]

1. d4 Nf6 2. c4 g6 3. Nc3 Bg7 4. g3 O-O 5. Bg2 d6 6. Nf3 Nc6 7. O-O a6 8. d5 Na5
9. Qd3 c5 10. dxc6 Nxc6 11. Nd5 Nxd5 12. cxd5 Ne5 13. Nxe5 Bxe5 14. Bh6 Re8 15.
Qd2 Bd7 16. Be3 Rc8 17. Rac1 b5 18. b3 Bf6 19. h4 h5 20. Kh2 Bf5 21. Rc6 Rxc6
22. dxc6 Qc7 23. Bd4 Bxd4 24. Qxd4 Rd8 25. Rc1 Rb8 26. b4 Be6 27. Bd5 Bxd5 28.
Qxd5 Rb6 29. Qf3 Rb8 30. Qc3 Rb6 31. e4 Rb8 32. Kg2 Rd8 33. Qa3 Ra8 34. Qb3 Rb8
35. a4 Kf8 36. a5 Kg8 37. Qe3 Kf8 38. Qb6 Qc8 39. c7 Ra8 40. Qe3 Qb7 41. Qc3 1-0

[Event "104th ch-GBR 2017"]
[Site "Llandudno WLS"]
[Date "2017.08.01"]
[Round "4.14"]
[White "Kalavannan, Koby"]
[Black "Palliser, Richard J D"]
[Result "1/2-1/2"]
[BlackTitle "IM"]
[WhiteElo "2175"]
[BlackElo "2408"]
[WhiteFideId "425753"]
[BlackFideId "407372"]
[EventDate "2017.07.29"]

1. d4 Nf6 2. c4 g6 3. Nf3 Bg7 4. g3 c5 5. Bg2 Qa5+ 6. Nc3 Ne4 7. Qd3 cxd4 8.
Nxd4 Nc5 9. Qd2 Nc6 10. Nxc6 dxc6 11. Ne4 Qxd2+ 12. Kxd2 Na4 13. Kc2 Bf5 14. Rb1
O-O-O 15. f3 Rd4 16. b3 Nc3 17. Bb2 Nxb1 18. Rxb1 Rhd8 19. Bxd4 Bxd4 20. g4
Bxe4+ 21. fxe4 Be3 22. Rd1 Rxd1 23. Kxd1 Kd7 24. h4 Kd6 25. Kc2 Ke5 26. Kd3 Bf2
27. h5 Kf4 28. Bf3 a5 29. Kd2 e5 30. Kd3 Be1 31. Kc2 Ke3 32. Kd1 Bb4 33. Kc2 Be7
34. a4 Bb4 35. Kd1 Kf2 36. Bh1 Ke3 37. Bf3 Bf8 38. Kc2 Bh6 39. Kd1 Kf2 40. Bh1
Bg5 41. Bf3 Be3 42. Bh1 Bc5 43. Bf3 Ke3 44. Kc2 Be7 45. Kd1 gxh5 46. gxh5 f5 47.
exf5 Kf4 48. Kc2 e4 49. Bh1 Kxf5 50. e3 h6 51. Kd2 Kg5 52. Bxe4 Kxh5 53. Ke2 Kg4
54. Bf3+ Kg5 55. Kf2 h5 56. Kg3 Bc5 57. e4 Bd6+ 58. Kh3 Be5 59. Be2 Bf6 60. Kg3
h4+ 61. Kh3 Kf4 62. Bg4 Kxe4 63. Bc8 c5 64. Bxb7+ Kd3 65. Bc6 Kc3 66. Bb5 Kxb3
67. Kg4 Kb4 68. Kh3 Bd8 1/2-1/2

[Event "104th ch-GBR 2017"]
[Site "Llandudno WLS"]
[Date "2017.08.01"]
[Round "4.15"]
[White "Horton, Andrew P"]
[Black "Jones, Steven A"]
[Result "1-0"]
[WhiteTitle "FM"]
[WhiteElo "2324"]
[BlackElo "2171"]
[WhiteFideId "424269"]
[BlackFideId "419630"]
[EventDate "2017.07.29"]

1. Nf3 d6 2. c4 e5 3. Nc3 f5 4. d4 e4 5. Ng5 c6 6. g3 Be7 7. Nh3 Nf6 8. Bg2 O-O
9. O-O Na6 10. f3 exf3 11. Bxf3 Ne4 12. Bg2 Bf6 13. Nf4 Qe8 14. Nxe4 fxe4 15. e3
Bg5 16. Bd2 Nc7 17. Qc2 Bf5 18. h3 Bxf4 19. Rxf4 Ne6 20. Rf2 Ng5 21. g4 Bg6 22.
Rxf8+ Qxf8 23. Be1 Nf3+ 24. Kh1 Qf6 25. Bg3 c5 26. dxc5 dxc5 27. Rd1 Re8 28. Rd6
Qg5 29. Qc3 Rd8 30. Qa5 Rf8 31. Qc3 Rd8 32. Qa5 Rf8 33. Qa3 Rd8 34. Qxa7 h5 35.
Rxd8+ Qxd8 36. Qb8 Qxb8 37. Bxb8 hxg4 38. hxg4 Bf7 39. b3 Be6 40. Bd6 Bxg4 41.
Bxc5 Kf7 42. Bb4 Ng5 43. Kh2 Bd1 44. Bc3 Bc2 45. b4 Bd3 46. c5 Ne6 47. Kg3 Nc7
48. a3 g5 49. Bh3 Kg6 50. Bc8 Ba6 51. a4 Nd5 52. Bd2 Ne7 53. Bd7 Bc4 54. b5 Bb3
55. c6 1-0

[Event "104th ch-GBR 2017"]
[Site "Llandudno WLS"]
[Date "2017.08.01"]
[Round "4.16"]
[White "Gayson, Peter M"]
[Black "Kolbus, Dietmar"]
[Result "0-1"]
[BlackTitle "IM"]
[WhiteElo "2160"]
[BlackElo "2306"]
[WhiteFideId "401838"]
[BlackFideId "4610628"]
[EventDate "2017.07.29"]

1. e4 g6 2. d4 Bg7 3. Nc3 c6 4. Bc4 d6 5. Qf3 e6 6. Nge2 d5 7. exd5 cxd5 8. Bb5+
Nc6 9. O-O Nf6 10. Bg5 h6 11. Bh4 O-O 12. Bxc6 bxc6 13. Na4 g5 14. Bg3 Ne4 15.
Qe3 Ba6 16. Rfe1 Bxe2 17. Rxe2 Qa5 18. Nc3 Nxg3 19. hxg3 c5 20. Nd1 cxd4 21. Qd3
e5 22. f3 f5 23. Nf2 e4 24. fxe4 fxe4 25. Nxe4 dxe4 26. Rxe4 Rae8 27. Rxe8 Rxe8
28. Qc4+ Kh8 29. Rf1 Qb6 30. Kh2 Qe6 31. Qc7 Re7 32. Qd8+ Kh7 33. a4 Qd7 34. Qa5
Re2 35. Qc5 Qe6 36. Qxa7 Qd5 37. Rf3 Qxf3 0-1

[Event "104th ch-GBR 2017"]
[Site "Llandudno WLS"]
[Date "2017.08.01"]
[Round "4.17"]
[White "Moore, Graham J"]
[Black "Dineley, Richard"]
[Result "1/2-1/2"]
[WhiteElo "2155"]
[BlackElo "2269"]
[WhiteFideId "441988"]
[BlackFideId "1800680"]
[EventDate "2017.07.29"]

1. e4 c5 2. Nf3 d6 3. d4 cxd4 4. Nxd4 Nf6 5. Nc3 Nc6 6. Be2 e6 7. O-O Be7 8. Be3
O-O 9. f4 e5 10. Nb3 exf4 11. Rxf4 Ne8 12. Rf1 Bf6 13. Qd2 Be6 14. Rad1 Be5 15.
Nd4 Nxd4 16. Bxd4 Nf6 17. Qe3 Qe7 18. Bxe5 dxe5 19. Qg5 Nd5 20. Qxe5 Nxc3 21.
Qxc3 Rac8 22. Qe5 Rc5 23. Rd5 Rxd5 24. exd5 Qc5+ 1/2-1/2

[Event "104th ch-GBR 2017"]
[Site "Llandudno WLS"]
[Date "2017.08.01"]
[Round "4.18"]
[White "Claridge-Hansen, William"]
[Black "Murphy, Conor E"]
[Result "0-1"]
[WhiteTitle "FM"]
[WhiteElo "2267"]
[BlackElo "2154"]
[WhiteFideId "422509"]
[BlackFideId "421669"]
[EventDate "2017.07.29"]

1. c4 e6 2. g3 d5 3. Nf3 a6 4. Bg2 dxc4 5. a4 Nc6 6. Qc2 e5 7. Qxc4 Be6 8. Qc2
Nb4 9. Qc3 e4 10. Ne5 Qd5 11. b3 Bc5 12. e3 Qxe5 13. d4 Qf5 14. dxc5 Nd3+ 15.
Kd1 O-O-O 16. Nd2 Nxf2+ 17. Kc2 Nxh1 18. Bxh1 Nf6 19. Ba3 Rd3 20. Qb4 Rhd8 21.
Rd1 Nd5 22. Qa5 Nxe3+ 23. Kc1 Nxd1 24. Bxe4 Rc3+ 25. Kb1 Rxb3+ 26. Kc1 Qe5 27.
Bxb7+ Rxb7 0-1

[Event "104th ch-GBR 2017"]
[Site "Llandudno WLS"]
[Date "2017.08.01"]
[Round "4.19"]
[White "Sun, Xinyue"]
[Black "Rudd, Jack"]
[Result "0-1"]
[WhiteTitle "WFM"]
[BlackTitle "IM"]
[WhiteElo "2132"]
[BlackElo "2252"]
[WhiteFideId "8600813"]
[BlackFideId "405736"]
[EventDate "2017.07.29"]

1. e4 e5 2. Nf3 Nc6 3. Bb5 Nf6 4. d3 Bc5 5. c3 Qe7 6. O-O O-O 7. h3 d6 8. Re1
Bd7 9. d4 Bb6 10. d5 Nd8 11. Bd3 c6 12. c4 Nh5 13. a4 Ba5 14. Re2 g6 15. Na3 c5
16. Qc2 a6 17. Bh6 Ng7 18. Qc1 f6 19. Nc2 Nf7 20. Bxg7 Kxg7 21. b4 cxb4 22. Qb2
Ng5 23. Nd2 Bxh3 24. gxh3 Nxh3+ 25. Kf1 Qd7 26. Re3 Bb6 27. Rf3 a5 28. Ne3 Bd4
29. Qc1 Nf4 30. Bc2 Kh8 31. Nb3 Bxa1 32. Qxa1 Qg7 33. Ng2 Nh5 34. Qc1 Rfc8 35.
Bd3 Qd7 36. Qa1 b5 37. cxb5 Rc3 38. Be2 Rac8 39. Rxc3 Rxc3 40. Bxh5 Rxb3 41. Be2
Qh3 42. Kg1 Qc3 43. Qxc3 bxc3 44. Ne3 Rb4 45. Nc2 Rxa4 46. b6 Ra2 47. b7 Rb2 48.
Ba6 h5 49. Na3 Rb6 50. Kg2 Kg7 51. Kf3 h4 52. Ke2 h3 53. Kf3 g5 54. Kg3 g4 55.
f3 f5 56. exf5 gxf3 57. Kxh3 e4 58. Kg3 Kf6 59. Kf4 f2 60. Kxe4 Rxb7 61. Kd4 a4
62. Ke3 Rb3 63. Nc2 Rb2 64. Nd4 a3 65. Be2 a2 0-1

[Event "104th ch-GBR 2017"]
[Site "Llandudno WLS"]
[Date "2017.08.01"]
[Round "4.20"]
[White "Pert, Nicholas"]
[Black "Pleasants, Allan J"]
[Result "1-0"]
[WhiteTitle "GM"]
[WhiteElo "2558"]
[BlackElo "2103"]
[WhiteFideId "403989"]
[BlackFideId "411337"]
[EventDate "2017.07.29"]

1. d4 Nf6 2. Nf3 c5 3. d5 b5 4. Bg5 Qb6 5. a4 b4 6. c4 h6 7. Bh4 d6 8. Nbd2 Nbd7
9. h3 g6 10. a5 Qc7 11. g4 Bg7 12. Bg2 g5 13. Bg3 h5 14. Nxg5 hxg4 15. Qc2 Nf8
16. hxg4 Rxh1+ 17. Bxh1 Bxg4 18. e4 Nh5 19. Bh2 Be5 20. Bf3 Bxf3 21. Ndxf3 Bxh2
22. Nxh2 Ng6 23. Nhf3 Ne5 24. Nxe5 dxe5 25. Qa4+ Kf8 26. O-O-O Qd6 27. Rg1 Qh6
28. Qc6 1-0

[Event "104th ch-GBR 2017"]
[Site "Llandudno WLS"]
[Date "2017.08.01"]
[Round "4.21"]
[White "Williams, Simon K"]
[Black "Abrahams, Daniel"]
[Result "1-0"]
[WhiteTitle "GM"]
[WhiteElo "2442"]
[BlackElo "2162"]
[WhiteFideId "404454"]
[BlackFideId "2606879"]
[EventDate "2017.07.29"]

1. d4 Nf6 2. Nf3 e6 3. Bf4 c5 4. e3 cxd4 5. exd4 b6 6. Nbd2 Bb7 7. Bd3 Be7 8. c3
d6 9. Qc2 Nbd7 10. O-O O-O 11. Rfe1 Re8 12. Ng5 Nf8 13. Nde4 Nxe4 14. Nxe4 a6
15. Re3 Ng6 16. Bg3 f5 17. Nd2 Bg5 18. Re2 f4 19. Bxg6 hxg6 20. h4 Bh6 21. Bh2
Qxh4 22. Qxg6 Qf6 23. Qh5 Rf8 24. Rae1 Rae8 25. f3 b5 26. Ne4 Qd8 27. Nf2 Bd5
28. b3 a5 29. Qg6 a4 30. Qd3 axb3 31. axb3 Qc7 32. Rb2 Bg5 33. Ng4 Rc8 34. Rc1
Rf5 35. Kf1 Bh4 36. Bg1 Qa7 37. Bf2 Qa3 38. Qb1 Bxf2 39. Kxf2 Kf7 40. Nh2 Rg5
41. Nf1 Qa7 42. Qd3 Qa3 43. Qd2 Kg8 44. Ra2 Qxb3 45. Rb2 Qc4 46. Qxf4 Rf5 47.
Qd2 Qc6 48. Ne3 Rf7 49. Qe2 Rb7 50. Qd3 Bc4 51. Qg6 Ra7 52. Ng4 Kf8 53. Rh1 Rf7
54. Rh7 e5 55. dxe5 Qc5+ 56. Kg3 dxe5 57. Rd2 e4 58. Rh8+ Ke7 59. Qxe4+ Be6 60.
Rxc8 Qxc8 61. Qb4+ Ke8 62. Qxb5+ Kf8 63. Qb6 Rc7 64. Ne5 Ke7 65. Qb4+ Ke8 66.
Qh4 Rxc3 67. Qh8+ Ke7 68. Qxg7+ Ke8 69. Rd6 Rc5 70. Qf6 Bb3 71. Ng6 1-0

[Event "104th ch-GBR 2017"]
[Site "Llandudno WLS"]
[Date "2017.08.01"]
[Round "4.22"]
[White "Moreby, James"]
[Black "Hunt, Adam C"]
[Result "1/2-1/2"]
[BlackTitle "IM"]
[WhiteElo "2149"]
[BlackElo "2424"]
[WhiteFideId "427756"]
[BlackFideId "403970"]
[EventDate "2017.07.29"]

1. Nf3 Nf6 2. c4 g6 3. Nc3 Bg7 4. e4 d6 5. d4 O-O 6. Be2 e5 7. dxe5 dxe5 8. Qxd8
Rxd8 9. Bg5 Re8 10. O-O-O h6 11. Bd2 Na6 12. Ne1 Nc5 13. f3 c6 14. Be3 Bf8 15.
Nd3 Nxd3+ 16. Bxd3 Be6 17. g4 Nd7 18. h4 Kg7 19. h5 g5 20. Rh2 Bc5 21. Bxc5 Nxc5
22. Bf1 a5 23. b3 Kf6 24. Rd6 Ke7 25. Rhd2 Rh8 26. Rd1 Rhd8 27. Rxd8 Rxd8 28.
Rxd8 Kxd8 29. Kc2 Bd7 30. Bd3 Ne6 31. Ne2 Kc7 32. a3 c5 33. a4 Kd6 34. Kd2 Nd4
35. Nxd4 exd4 36. Be2 Ke5 37. Bd1 Kf4 38. Be2 Kg3 39. Bd1 f6 40. Be2 Bc6 41. Bd1 1/2-1/2

[Event "104th ch-GBR 2017"]
[Site "Llandudno WLS"]
[Date "2017.08.01"]
[Round "4.23"]
[White "Gallagher, Daniel GH"]
[Black "Houska, Jovanka"]
[Result "0-1"]
[BlackTitle "IM"]
[WhiteElo "2147"]
[BlackElo "2402"]
[WhiteFideId "436550"]
[BlackFideId "405094"]
[EventDate "2017.07.29"]

1. e4 c6 2. d4 d5 3. e5 Bf5 4. h4 h5 5. Bd3 Bxd3 6. Qxd3 Qa5+ 7. Bd2 Qa6 8. Qb3
e6 9. Bb4 Bxb4+ 10. Qxb4 Ne7 11. Rh3 Nd7 12. Ra3 c5 13. dxc5 Qc6 14. Nc3 Nxe5
15. Nb5 O-O 16. Nxa7 Qd7 17. Nb5 N7c6 18. Qf4 Rxa3 19. Nxa3 Qe7 20. Nf3 Nxf3+
21. Qxf3 Qxc5 22. O-O-O Ra8 23. Kb1 b5 24. c3 b4 25. cxb4 Qxb4 26. Rc1 Ne5 27.
Qc3 Qe4+ 28. Ka1 Nd3 29. f3 Qe2 30. Rc2 Qd1+ 31. Nb1 Nb4 32. Qxb4 Qxc2 0-1

[Event "104th ch-GBR 2017"]
[Site "Llandudno WLS"]
[Date "2017.08.01"]
[Round "4.24"]
[White "Ogunshola, Ben"]
[Black "Pritchett, Craig W"]
[Result "0-1"]
[BlackTitle "IM"]
[WhiteElo "2133"]
[BlackElo "2326"]
[WhiteFideId "8500231"]
[BlackFideId "2400065"]
[EventDate "2017.07.29"]

1. c4 Nf6 2. Nf3 c5 3. g3 b6 4. Bg2 Bb7 5. O-O e6 6. b3 Be7 7. Bb2 O-O 8. e3 d5
9. Qe2 Nc6 10. Rd1 dxc4 11. bxc4 Qc7 12. d3 a6 13. Nc3 Rab8 14. Rab1 Ba8 15. Ba1
Rfd8 16. Ne1 Na7 17. Bxa8 Rxa8 18. f4 Rab8 19. Nf3 b5 20. Rdc1 b4 21. Nd1 Nc6
22. Nf2 a5 23. g4 a4 24. g5 Ne8 25. Ne4 b3 26. a3 Bf8 27. Kf2 Qd7 28. Rd1 Rb7
29. Bb2 Qc8 30. Rd2 Ne7 31. Rg1 Nf5 32. h4 Ned6 33. Nc3 Qc6 34. Ne5 Qe8 35. Qg4
g6 36. h5 Bg7 37. Ke2 Rc7 38. Rg2 Ra8 39. Rd1 Ra6 40. Rh1 Bh8 41. Rgh2 Raa7 42.
Rh3 Rab7 43. Kd2 Ra7 44. R1h2 Rab7 45. Kc1 Ra7 46. Kb1 Rab7 47. Qg2 Ra7 48. Qh1
Rab7 49. Nd1 Qd8 50. Nf2 Bxe5 51. Bxe5 b2 52. hxg6 fxg6 53. Nd1 Nxc4 54. dxc4
Qd3+ 55. Rc2 Qxc2+ 56. Kxc2 b1=Q+ 57. Kd2 Rd7+ 58. Ke2 Qd3+ 0-1

[Event "104th ch-GBR 2017"]
[Site "Llandudno WLS"]
[Date "2017.08.01"]
[Round "4.25"]
[White "Brozel, Sacha"]
[Black "Longson, Alexander"]
[Result "0-1"]
[BlackTitle "FM"]
[WhiteElo "2097"]
[BlackElo "2323"]
[WhiteFideId "429317"]
[BlackFideId "408093"]
[EventDate "2017.07.29"]

1. g3 d5 2. Nf3 Nf6 3. Bg2 e6 4. O-O Be7 5. d4 O-O 6. c4 dxc4 7. Qc2 a6 8. Qxc4
b5 9. Qc2 Bb7 10. Bd2 Bd6 11. Rd1 Nbd7 12. Ba5 Qb8 13. b4 e5 14. Nbd2 exd4 15.
Nb3 Be4 16. Qd2 Qb7 17. Qxd4 Nb8 18. Rac1 Nc6 19. Qc3 Rfe8 20. a3 h6 21. Ne1
Bxg2 22. Nxg2 Nxa5 23. Nxa5 Qb6 24. Ne3 Re6 25. Qc6 Rae8 26. Qxb6 cxb6 27. Nc6
Bf8 28. h4 g6 29. Kg2 h5 30. Nd4 Re4 31. Rc6 Bg7 32. Rxb6 Rxe3 33. fxe3 Nd5 34.
Rxa6 Nxe3+ 35. Kf3 Nxd1 36. Nxb5 Re3+ 37. Kg2 Be5 38. Ra8+ Kg7 39. Rd8 Rxg3+ 40.
Kf1 Ne3+ 41. Kf2 Nf5 42. a4 Rg4 43. a5 Rxb4 44. a6 Rxb5 45. a7 Ra5 46. a8=Q Rxa8
47. Rxa8 Nxh4 48. Ra5 f6 49. e4 g5 50. Rb5 g4 51. Rb1 Kh6 52. Rc1 Kg5 53. Rc8
Ng6 54. Rg8 h4 0-1

[Event "104th ch-GBR 2017"]
[Site "Llandudno WLS"]
[Date "2017.08.01"]
[Round "4.26"]
[White "Batchelor, Peter J"]
[Black "Richardson, Alex"]
[Result "1-0"]
[WhiteTitle "FM"]
[WhiteElo "2309"]
[BlackElo "2147"]
[WhiteFideId "424854"]
[BlackFideId "408239"]
[EventDate "2017.07.29"]

1. d4 d5 2. c4 e6 3. Nf3 Nf6 4. g3 Bb4+ 5. Bd2 Be7 6. Bg2 O-O 7. O-O Nbd7 8. Qc2
c6 9. b3 b6 10. Bc3 Bb7 11. Nbd2 Rc8 12. e4 Qc7 13. Rad1 c5 14. dxc5 dxc4 15.
bxc4 Nxc5 16. Rfe1 Ncxe4 17. Nxe4 Bxe4 18. Rxe4 Nxe4 19. Qxe4 Qxc4 20. Bd4 Bf6
21. Ne5 Bxe5 22. Bxe5 Qxe4 23. Bxe4 Rfd8 24. Re1 Rd2 25. a3 f6 26. Bf4 Rd4 27.
Bb7 Re8 28. Bc6 Re7 29. Bb5 Kf7 30. Rc1 Rd8 31. a4 g5 32. Be3 h6 33. h4 gxh4 34.
gxh4 Rg8+ 35. Kh2 Rg4 36. Kh3 h5 37. Rc8 Kg7 38. Rc1 Kg6 39. Ra1 Rb4 40. Bd3+ f5
41. Be2 Rh7 42. a5 e5 43. axb6 axb6 44. Rc1 Rf7 45. Bg5 f4 46. Rc6+ Kf5 47. Bxh5
Rf8 48. Bg6# 1-0

[Event "104th ch-GBR 2017"]
[Site "Llandudno WLS"]
[Date "2017.08.01"]
[Round "4.27"]
[White "Richardson, John R"]
[Black "Jackson, Sheila"]
[Result "1-0"]
[WhiteTitle "FM"]
[BlackTitle "WGM"]
[WhiteElo "2237"]
[BlackElo "2125"]
[WhiteFideId "401617"]
[BlackFideId "402508"]
[EventDate "2017.07.29"]

1. d4 Nf6 2. c4 e6 3. Nc3 Bb4 4. e3 O-O 5. Bd3 d5 6. Nf3 b6 7. cxd5 exd5 8. Ne5
Bb7 9. Qa4 c5 10. O-O Nfd7 11. Nf3 Nf6 12. Ne2 Bc6 13. Qb3 a5 14. Qc2 c4 15. Bf5
g6 16. Bh3 Nbd7 17. Ne5 Nxe5 18. dxe5 Ne4 19. Nd4 Bb7 20. a3 Bc5 21. b3 cxb3 22.
Nxb3 Be7 23. g3 Ng5 24. Bg2 Rc8 25. Qb1 Qc7 26. Bb2 a4 27. Nd4 Bc5 28. h4 Ne4
29. Nf3 Ba6 30. Rd1 Bc4 31. Nd2 Nxd2 32. Rxd2 Rfd8 33. Qd1 Bb3 34. Qf3 Qe7 35.
Qf4 Qe6 36. Kh2 Rb8 37. Bh3 Qe7 38. h5 b5 39. hxg6 fxg6 40. e6 d4 41. exd4 Bd6
42. Qe3 Bd5 43. Re2 Rf8 44. Bg2 Rf5 45. Bxd5 Rxd5 46. Qe4 Qb7 47. Rc1 Rh5+ 48.
Kg2 Qxe4+ 49. Rxe4 Rd5 50. Rc6 Kf8 51. Ra6 Rb7 52. Ra8+ Ke7 53. Bc1 Kf6 54. g4
g5 55. Kf3 Rc7 56. Rd8 Ke7 57. Rh8 Kf6 58. Bb2 Kg7 59. Rd8 Kf6 60. Rxd6 Rxd6 61.
d5+ Ke7 62. Be5 Rb7 63. Bxd6+ Kxd6 64. Ke3 b4 65. axb4 a3 66. b5 a2 67. Ra4 Kxd5
68. Rxa2 Kxe6 69. Rb2 Kd5 70. b6 h6 71. f3 Re7+ 72. Kd3 Rb7 73. Rb5+ Kc6 74. Kc4
Rxb6 75. Rxb6+ Kxb6 76. Kd5 Kb5 77. Ke5 Kc5 78. Kf5 Kd4 79. Kg6 1-0

[Event "104th ch-GBR 2017"]
[Site "Llandudno WLS"]
[Date "2017.08.01"]
[Round "4.28"]
[White "Willow, Jonah B"]
[Black "Golding, Alex"]
[Result "1/2-1/2"]
[WhiteElo "2077"]
[BlackElo "2222"]
[WhiteFideId "438804"]
[BlackFideId "427241"]
[EventDate "2017.07.29"]

1. e4 c5 2. Nf3 Nc6 3. d4 cxd4 4. Nxd4 e6 5. Nc3 Qc7 6. g3 a6 7. Bg2 Nf6 8. O-O
Bc5 9. Be3 d6 10. Re1 Nxd4 11. Bxd4 O-O 12. Bxf6 gxf6 13. Na4 Ba7 14. Qg4+ Kh8
15. Qh4 Qd8 16. Rad1 Rg8 17. Rd3 Bb8 18. Red1 Ra7 19. Rf3 Bd7 20. Nc3 Rg6 21. e5
d5 22. Re1 Bc7 23. exf6 Bd6 24. Bh3 b5 25. Nd1 Qa5 26. c3 Rc7 27. Ne3 Qa4 28.
Qxa4 bxa4 29. Bf1 a3 30. Nd1 axb2 31. Nxb2 e5 32. Rd3 Be6 33. Bg2 Ba3 34. Na4 e4
35. Rde3 Bf8 36. Bf1 Bh6 37. R3e2 Rc4 38. Nb6 Rxc3 39. Rb2 Ra3 40. Rd1 Ra5 41.
Na8 Bf4 42. Rb6 Rxa2 43. Rxa6 Rxa6 44. Bxa6 e3 45. Bd3 Rg8 46. Re1 Bd6 47. Ra1
Be5 48. Ra6 Bf5 49. Be2 d4 50. fxe3 d3 51. Bd1 d2 52. Nb6 Bg4 53. Nc4 Bxd1 54.
Nxe5 Bb3 55. Rd6 Re8 56. Rxd2 h5 57. Rd3 Rxe5 58. Rxb3 Kh7 59. Kg2 Kg6 60. Kf3
Kxf6 61. Rb6+ Kg7 62. Kf4 Ra5 63. h4 Ra1 64. Rb5 Kg6 65. Rg5+ Kh6 66. Ke5 Ra6
67. Rf5 Kg6 68. Kf4 f6 69. Rd5 Ra1 70. Rd8 Rf1+ 71. Ke4 Kg7 72. Ra8 Rf2 73. Ra5
Kg6 74. Ra8 1/2-1/2

[Event "104th ch-GBR 2017"]
[Site "Llandudno WLS"]
[Date "2017.08.01"]
[Round "4.29"]
[White "Kalaiyalahan, Akshaya"]
[Black "Graham, David B"]
[Result "0-1"]
[WhiteTitle "FM"]
[WhiteElo "2127"]
[BlackElo "2201"]
[WhiteFideId "422894"]
[BlackFideId "408131"]
[EventDate "2017.07.29"]

1. d4 Nf6 2. c4 g6 3. g3 Bg7 4. Bg2 d6 5. Nc3 O-O 6. Nf3 Nc6 7. O-O Bg4 8. d5
Na5 9. b3 c5 10. Bd2 e5 11. dxe6 Bxe6 12. Ne1 Nc6 13. Nd3 Qd7 14. Nf4 Rad8 15.
Rc1 Rfe8 16. Nxe6 fxe6 17. Bg5 h6 18. Bxf6 Bxf6 19. Ne4 Qg7 20. Qd2 Be7 21. h4
Nd4 22. e3 Nf5 23. Qc3 b6 24. Qxg7+ Kxg7 25. Nc3 Bf6 26. Rfd1 Bxc3 27. Rxc3 Kf6
28. Rcd3 Ke7 29. Be4 Rg8 30. a3 h5 31. Kf1 Nh6 32. Ke2 Ng4 33. f4 Nh6 34. b4 Nf5
35. Kf2 Rgf8 36. b5 e5 37. a4 exf4 38. gxf4 Nxh4 39. Rg1 Rf6 40. Rd5 Rh8 41. a5
Ke6 42. axb6 axb6 43. Rdg5 Kf7 44. Bd5+ Kg7 45. Ra1 Kh6 46. Ra7 Rb8 47. Rg1 Nf5
48. Rga1 Re8 49. Bc6 Rxe3 50. Rb7 Re7 51. Rxb6 Nd4 52. Rb8 Rxf4+ 53. Kg1 Nxc6
54. bxc6 Rc7 55. Ra6 Rxc4 56. Rab6 Rb4 0-1

[Event "104th ch-GBR 2017"]
[Site "Llandudno WLS"]
[Date "2017.08.01"]
[Round "4.30"]
[White "Gaudeau, Valentin"]
[Black "Okhai, Shabir"]
[Result "1-0"]
[WhiteElo "2170"]
[BlackElo "2111"]
[WhiteFideId "662216"]
[BlackFideId "445134"]
[EventDate "2017.07.29"]

1. d4 d5 2. Bf4 Nf6 3. Nf3 c5 4. e3 Nc6 5. Nbd2 e6 6. c3 cxd4 7. exd4 Nh5 8. Bg5
f6 9. Ne5 g6 10. Bh4 Bd6 11. Nd3 Qe7 12. Be2 Ng7 13. f4 Bd7 14. Nb3 Nf5 15. Bf2
Bc7 16. Bf3 Nd6 17. Qe2 O-O-O 18. O-O-O f5 19. Ne5 Ne4 20. Bxe4 fxe4 21. Nc5
Nxe5 22. fxe5 Rdf8 23. Be3 Rf5 24. Kb1 Rhf8 25. h4 Qe8 26. Nxd7 Qxd7 27. g3 Bd8
28. Rdf1 Qf7 29. Rc1 Kb8 30. Bh6 Rg8 31. Qb5 Be7 32. c4 Rc8 33. cxd5 Rxc1+ 34.
Rxc1 exd5 35. e6 Qg8 36. Qd7 Qd8 37. Bf4+ Rxf4 38. gxf4 b6 39. h5 gxh5 40. f5 h4
41. Qxd8+ Bxd8 42. Rc3 Bf6 43. Kc2 Kb7 44. b4 a6 45. a4 Be7 46. b5 axb5 47. axb5
Bg5 48. Kd1 h6 49. Ke2 Bf6 50. Kf1 Bg5 51. Kg2 Bf6 52. Kh3 h5 53. Rc6 Be7 54.
Rc1 Bf6 55. Rc2 Be7 56. Rc6 Bf6 57. e7 Bxe7 58. f6 Bb4 59. Kxh4 1-0